000 01044na a2200325 4500
001 20956
003 MIRAKIL
005 20181213155307.0
008 170130b tu 000 0
035 _a20956
040 _aMilas
_btur
_cTR-AnCHP
041 _atur
082 _aCHP 324.2182
_bC36k [201?]
090 _aBROŞÜR 245
110 _aCumhuriyet Halk Partisi (CHP)
245 _aKime diktatör denir!
_cCHP
260 _aAnkara
_bCHP
_c[201?]
300 _aktl. broşür
_brnk. res.
_c21 sm.
440 _aCumhuriyet Halk Partisi yayınları
_pBroşürler
500 _a"Diktatörler seçimle de gelebilirler... Hitler bunun en somu örneğidir..."
600 _aErdoğan, Recep Tayyip
_xSiyaset ve yönetim
_y2002-
610 _aCHP
_xAKP iktidarı
_yEleştiri ve yorum
650 _aOtoriter sistemler
_zTürkiye
650 _aDiktatörler
650 _aAKP
_xSiyaset ve yönetim
_y2002-
651 _aTürkiye
_xSiyaset ve yönetim
_y2002-
830 _aCHP broşürleri
942 _2ddc
_cBKS
999 _c10118
_d10118